<?xml version="1.0" encoding="UTF-8"?>
<record
    xmlns:xsi="http://www.w3.org/2001/XMLSchema-instance"
    xsi:schemaLocation="http://www.loc.gov/MARC21/slim http://www.loc.gov/standards/marcxml/schema/MARC21slim.xsd"
    xmlns="http://www.loc.gov/MARC21/slim">

  <leader>00734nam a22001937a 4500</leader>
  <controlfield tag="003">OSt</controlfield>
  <controlfield tag="005">20240508160558.0</controlfield>
  <controlfield tag="008">240508b        |||||||| |||| 00| 0 eng d</controlfield>
  <datafield tag="040" ind1=" " ind2=" ">
    <subfield code="a">KMU</subfield>
    <subfield code="b">eng</subfield>
    <subfield code="c">KMU</subfield>
    <subfield code="d">KMU</subfield>
    <subfield code="e">RDA</subfield>
  </datafield>
  <datafield tag="050" ind1=" " ind2=" ">
    <subfield code="a">SF 523</subfield>
  </datafield>
  <datafield tag="100" ind1=" " ind2=" ">
    <subfield code="a">Husselman Madeleen  And Kabengele Paul</subfield>
  </datafield>
  <datafield tag="245" ind1=" " ind2=" ">
    <subfield code="a">A Beekeeping Management Guide for Zambia:</subfield>
    <subfield code="b">A manual for extension workers promoting the production and trade of bee-products./</subfield>
    <subfield code="c">Madeleen Husselman and Paul Kabengele.</subfield>
  </datafield>
  <datafield tag="260" ind1=" " ind2=" ">
    <subfield code="a">Lusaka:</subfield>
    <subfield code="b">Center for International Forestry Research,</subfield>
    <subfield code="c">2009.</subfield>
  </datafield>
  <datafield tag="300" ind1=" " ind2=" ">
    <subfield code="a">xvi, 255 p.:</subfield>
    <subfield code="b">ill, some photos;</subfield>
    <subfield code="c">29 cm.</subfield>
  </datafield>
  <datafield tag="504" ind1=" " ind2=" ">
    <subfield code="a">Includes bibliographic references and a list of websites.</subfield>
  </datafield>
  <datafield tag="650" ind1=" " ind2=" ">
    <subfield code="a">Beekeeping</subfield>
  </datafield>
  <datafield tag="650" ind1=" " ind2=" ">
    <subfield code="a">Honey</subfield>
  </datafield>
  <datafield tag="942" ind1=" " ind2=" ">
    <subfield code="2">lcc</subfield>
    <subfield code="c">BK</subfield>
    <subfield code="n">0</subfield>
  </datafield>
  <datafield tag="999" ind1=" " ind2=" ">
    <subfield code="c">1173</subfield>
    <subfield code="d">1173</subfield>
  </datafield>
  <datafield tag="952" ind1=" " ind2=" ">
    <subfield code="0">0</subfield>
    <subfield code="1">0</subfield>
    <subfield code="2">lcc</subfield>
    <subfield code="4">0</subfield>
    <subfield code="7">0</subfield>
    <subfield code="8">NFIC</subfield>
    <subfield code="a">CPL</subfield>
    <subfield code="b">CPL</subfield>
    <subfield code="c">OA</subfield>
    <subfield code="d">2024-05-08</subfield>
    <subfield code="e">CBU</subfield>
    <subfield code="l">1</subfield>
    <subfield code="o">SF 523 Bee</subfield>
    <subfield code="p">741765</subfield>
    <subfield code="r">2025-07-14 00:00:00</subfield>
    <subfield code="s">2025-03-26</subfield>
    <subfield code="w">2024-05-08</subfield>
    <subfield code="y">BK</subfield>
  </datafield>
  <datafield tag="952" ind1=" " ind2=" ">
    <subfield code="0">0</subfield>
    <subfield code="1">0</subfield>
    <subfield code="2">lcc</subfield>
    <subfield code="4">0</subfield>
    <subfield code="7">0</subfield>
    <subfield code="8">NFIC</subfield>
    <subfield code="a">CPL</subfield>
    <subfield code="b">CPL</subfield>
    <subfield code="c">OA</subfield>
    <subfield code="d">2024-05-08</subfield>
    <subfield code="e">CBU</subfield>
    <subfield code="l">0</subfield>
    <subfield code="o">SF 523 Bee</subfield>
    <subfield code="p">741762</subfield>
    <subfield code="r">2024-05-08 00:00:00</subfield>
    <subfield code="w">2024-05-08</subfield>
    <subfield code="y">BK</subfield>
  </datafield>
  <datafield tag="952" ind1=" " ind2=" ">
    <subfield code="0">0</subfield>
    <subfield code="1">0</subfield>
    <subfield code="2">lcc</subfield>
    <subfield code="4">0</subfield>
    <subfield code="7">0</subfield>
    <subfield code="8">NFIC</subfield>
    <subfield code="a">CPL</subfield>
    <subfield code="b">CPL</subfield>
    <subfield code="c">OA</subfield>
    <subfield code="d">2024-05-08</subfield>
    <subfield code="e">CBU</subfield>
    <subfield code="l">0</subfield>
    <subfield code="o">SF 523 Bee</subfield>
    <subfield code="p">741763</subfield>
    <subfield code="r">2024-05-08 00:00:00</subfield>
    <subfield code="w">2024-05-08</subfield>
    <subfield code="y">BK</subfield>
  </datafield>
  <datafield tag="952" ind1=" " ind2=" ">
    <subfield code="0">0</subfield>
    <subfield code="1">0</subfield>
    <subfield code="2">lcc</subfield>
    <subfield code="4">0</subfield>
    <subfield code="7">0</subfield>
    <subfield code="8">NFIC</subfield>
    <subfield code="a">CPL</subfield>
    <subfield code="b">CPL</subfield>
    <subfield code="c">OA</subfield>
    <subfield code="d">2024-05-08</subfield>
    <subfield code="e">CBU</subfield>
    <subfield code="l">0</subfield>
    <subfield code="o">SF 523 Bee</subfield>
    <subfield code="p">741764</subfield>
    <subfield code="r">2024-05-08 00:00:00</subfield>
    <subfield code="w">2024-05-08</subfield>
    <subfield code="y">BK</subfield>
  </datafield>
</record>
